000 00275nam a2200109Ia 4500
008 221009s9999 xx 000 0 und d
082 _a403
100 _aWren & Martin
_936386
245 0 _aHigh School English Grammar & Composition
260 _bS. Chand Company
942 _cBK
999 _c65161
_d65161